Writing the rules to win the game: the middle class regime of municipal reformers (Record no. 41179)

000 -LEADER
fixed length control field 01113pab a2200169 454500
008 - FIXED-LENGTH DATA ELEMENTS--GENERAL INFORMATION
fixed length control field 180718b1999 xxu||||| |||| 00| 0 eng d
100 ## - MAIN ENTRY--PERSONAL NAME
Personal name Bridges, Amy
245 ## - TITLE STATEMENT
Title Writing the rules to win the game: the middle class regime of municipal reformers
260 ## - PUBLICATION, DISTRIBUTION, ETC.
Date of publication, distribution, etc. 1999
300 ## - PHYSICAL DESCRIPTION
Extent p.691-706
362 ## - DATES OF PUBLICATION AND/OR SEQUENTIAL DESIGNATION
Dates of publication and/or sequential designation May
520 ## - SUMMARY, ETC.
Summary, etc. Every student of city politics knows the class theory of city government - that middle-class voters supported municipal reform and working-class voters supported machine politics. Although historical narratives support this theory, systematic evidence has been elusive. Historians and political scientists alike have recognized very strong regional differences in styles of city government but lacked an explanation. The authors argue that the class theory, historical narratives, and regional differences may be reconciled. Presence of immigrants and turnout account both for adoption or rejection of reform and for the regional pattern of those decisions. - Reproduced
650 ## - SUBJECT ADDED ENTRY--TOPICAL TERM
Topical term or geographic name entry element Local government
700 ## - ADDED ENTRY--PERSONAL NAME
Personal name Kronick, Richard
773 ## - HOST ITEM ENTRY
Main entry heading Urban Affairs Review
909 ## -
-- 41179
Holdings
Withdrawn status Lost status Damaged status Not for loan Permanent Location Current Location Date acquired Serial Enumeration / chronology Barcode Date last seen Price effective from Koha item type
        Indian Institute of Public Administration Indian Institute of Public Administration 2018-07-19 Volume no: 34, Issue no: 5 AR41555 2018-07-19 2018-07-19 Articles

Powered by Koha